My - Noviny Juhozápadu týždenník pre okresy Šaľa, Galanta, Dunajská Streda, Šamorín, Sereď

Podrobná bibliografia
Nový názov:My Nitrianske noviny - Noviny Juhozápadu
Predchádzajúci názov:Šalianský týždenník
Médium: Noviny
Jazyk:slovenčina
Fyzický popis:6 zv. 43-48 cm
Vydavateľské údaje: Nitra Petit Press 2002-2007
ISSN:1337-6497
Predmet:

MARC

LEADER 00000cas a2200000 a 4500
001 vtls001467635
003 SK-MaSNL
005 20260228161255.0
008 181015d20022007xo wr ne 0 0 0slo
022 |a 1337-6497 
035 |a SNK000422940 
040 |a SNK  |b slo  |c SNK  |e AACR2 
041 0 |a slo 
043 |a e-xo--- 
044 |a xo  |c SK 
072 7 |a 316.7  |x Sociológia kultúry. Kultúrny život  |2 konspekt 
072 7 |a 394  |x Verejný a spoločenský život. Každodenný život  |2 konspekt 
080 |a 394  |2 2011 
080 |a (051)+(054)(437.6)  |2 2011 
080 |a (437.614 )  |2 2011 
080 |a (437.612)  |2 2011 
080 |a (437.641)  |2 2011 
080 |a 050  |2 2011 
210 0 |a Nov. juhozápadu 
222 0 |a Noviny juhozápadu 
245 0 0 |a My - Noviny Juhozápadu  |b týždenník pre okresy Šaľa, Galanta, Dunajská Streda, Šamorín, Sereď 
246 1 |i Názov v tiráži:  |a Krajské Nitrianske noviny  |f 11/2002-13/2007 
246 1 |i Názov v tiráži:  |a Týždenník Krajské Nitrianske noviny  |f 11/2002-23/2002 
246 3 3 |a Noviny Slovakia  |f 43/2003-43/2004 
246 1 3 |a My Krajské Nitrianske noviny - Noviny Juhozápadu  |f 44/2004-13/2007 
246 1 3 |a Noviny Juhozápadu 
246 1 |i Názov v tiráži:  |a My Noviny Johozápadu 
246 1 3 |a My - Noviny Juhozápadu Šaľa-Galanta-Dunajská Streda-Šamorín-Sereď 
260 |a Nitra  |b Petit Press  |c 2002-2007 
300 |a 6 zv.  |c 43-48 cm 
310 |a 1x týždenne 
362 0 |a Roč. XI, č. 11 (2002)-roč. XVI, č. 13 (2007) 
500 |a Od č. 26/2002-35/2002 rozmer zv. 48 cm 
500 |a Reg. č.: 2447/2000 
500 |a Patrí do vydavateľskej skupiny Petit Press 
500 |a V tiráži uvedené: Regionálna sieť Noviny Slovakia ; Korzár ; MY 
500 |a Od č. 32/2006 bez podnázvu 
500 |a Predošlý názov v tiráži: Krajské Nitrianske noviny 
500 |a ISSN 1335-8375 je uvedené v tiráži časopisu, patrí Nitrianskym novinám 
525 |a Pravidelná príloha Regionálny šport, 42/2006-13/2007, MY Krajské noviny 
525 |a Od č. 48/2002-2/2003 obsahuje prílohu SME, výber najlepších textov 
650 0 7 |a územná samospráva  |2 SNKPH  |9 802 
650 0 7 |a každodenný život  |2 SNKPH  |9 4946 
651 7 |a Šaľa (Slovensko : okres)  |2 SNKPHgeo  |9 16340 
651 7 |a Galanta (Slovensko : okres)  |2 SNKPHgeo  |9 15964 
651 7 |a Dunajská Streda (Slovensko : okres)  |2 SNKPHgeo  |9 145813 
655 7 |a regionálne periodiká  |2 SNKPH  |9 131775 
770 0 |t TV oko  |w vtls0011607005 
780 0 1 |t Šalianský týždenník  |w vtls011783906 
785 0 0 |t My Nitrianske noviny - Noviny Juhozápadu  |w vtls008425931 
910 |a snk 
999 |c 4889  |d 6819 
952 |0 0  |1 0  |4 0  |7 0  |8 0  |a SNK  |b SNK  |d 2007-03-05  |i snk2006/8722  |l 0  |o snkČSA 1332/12/2003/1  |p 17A1325756  |r 2026-02-21 20:13:20  |t č. 1-25  |w 2026-02-21  |y PREZ  |z Č. 1-2 obsahuje príl. SME, ktorá je výberom najlepších textov  
952 |0 0  |1 0  |4 0  |7 0  |8 0  |a SNK  |b SNK  |d 2007-03-05  |i snk2006/8727  |l 0  |o snkČSA 1332/12/2003/2  |p 17A1325757  |r 2026-02-21 20:13:20  |t č. 26-51, neúplné  |w 2026-02-21  |y PREZ  |z Chýba č. 26 
952 |0 0  |1 0  |4 0  |7 0  |8 0  |a SNK  |b SNK  |d 2007-08-22  |i snk2007/19334  |l 0  |o snkČSA 1332/15/2006/2  |p 17A0548731  |r 2026-02-21 20:16:00  |t č. 26-51  |w 2026-02-21  |y PREZ 
952 |0 0  |1 0  |4 0  |7 0  |8 0  |a SNK  |b SNK  |d 2007-08-22  |i snk2007/19328  |l 0  |o snkČSA 1332/13/2004/1  |p 17A0548727  |r 2026-02-21 21:00:52  |t č. 1-26 + príl.  |w 2026-02-21  |y PREZ  |z Príl.: Životný štýl (č. 17) 
952 |0 0  |1 0  |4 0  |7 0  |8 0  |a SNK  |b SNK  |d 2007-08-22  |i snk2007/19329  |l 0  |o snkČSA 1332/13/2004/2  |p 17A0548728  |r 2026-02-21 21:00:52  |t č. 27-52 + príl.   |w 2026-02-21  |y PREZ  |z Príl.: Vinárstvo na Slovensku (č. 36), Stavebný magazín (č. 37) 
952 |0 0  |1 0  |4 0  |7 0  |8 0  |a SNK  |b SNK  |d 2007-08-22  |i snk2007/19330  |l 0  |o snkČSA 1332/14/2005/1  |p 17A0548729  |r 2026-02-21 21:00:52  |t č. 1-21  |w 2026-02-21  |y PREZ 
952 |0 0  |1 0  |4 0  |7 0  |8 0  |a SNK  |b SNK  |d 2007-08-22  |i snk2007/19331  |l 0  |o snkČSA 1332/14/2005/2  |p 17A0548730  |r 2026-02-21 21:00:52  |t č. 22-51, neúplné  |w 2026-02-21  |y PREZ  |z Chýba č. 50-51 
952 |0 0  |1 0  |4 0  |7 0  |8 0  |a SNK  |b SNK  |d 2007-08-22  |i snk2007/19332  |l 0  |o snkČSA 1332/15/2006/1  |p 17A0548732  |r 2026-02-21 21:00:52  |t č. 1-25  |w 2026-02-21  |y PREZ 
952 |0 0  |1 0  |4 0  |7 0  |8 0  |a SNK  |b SNK  |d 2018-10-15  |i snk2018/20848  |l 0  |o snkČSA 1332/16/2007/1  |p 17A1325758  |r 2026-02-21 21:50:33  |t č. 1-13  |w 2026-02-21  |y PREZ 
952 |0 0  |1 0  |4 0  |7 0  |a SNK  |b SNK  |d 2018-10-11  |i snkČSP 1327/2004  |l 0  |o snkČSA 1332/11/2002/2  |p 17A1325755  |r 2026-02-21 21:50:35  |t č. 11-26 + príl.  |w 2026-02-21  |y PREZ  |z Príl.: Životný štýl (č. 13) 
952 |0 0  |1 0  |4 0  |7 0  |a SNK  |b SNK  |d 2018-10-11  |i snkČSP 1327/2004  |l 0  |o snkČSA 1332/11/2002/3  |p 17A0830218  |r 2026-02-21 21:50:35  |t č. 27-52  |w 2026-02-21  |y PREZ  |z Od č. 48/2002 obsahuje príl. SME, ktorá je výberom najlepších textov